skbl

Dr Suryya Kumar Bhuyan Library Web-OPAC
ডঃ সূৰ্য্য
কুমাৰ ভূঞা পুথিভঁৰাল ৱেব-অ'পেক

All Research Scholars are advised to clear the annual library fees to continue using Library Resources, Remote Access, Plagiarism Test and Library Clearance.

Cotton University Book Fair 2026

Snatak Mahalar Shiksha Prajuktibidya aru Shikshan Pranali / (Record no. 29236)

MARC details
000 -LEADER
fixed length control field 00900nam a2200325Ia 4500
001 - CONTROL NUMBER
control field 29254
005 - DATE AND TIME OF LATEST TRANSACTION
control field 20240114001125.0
007 - PHYSICAL DESCRIPTION FIXED FIELD--GENERAL INFORMATION
fixed length control field ta
008 - FIXED-LENGTH DATA ELEMENTS--GENERAL INFORMATION
fixed length control field 060624s2004 g b000 u asm u
040 ## - CATALOGING SOURCE
Original cataloging agency Cotton College,Assam
041 ## - LANGUAGE CODE
Language code of text/sound track or separate title asm
082 ## - DEWEY DECIMAL CLASSIFICATION NUMBER
Classification number 371.3028
Item number Sa 74 Si
100 ## - MAIN ENTRY--PERSONAL NAME
Personal name Sarma, Mukunda .
245 #0 - TITLE STATEMENT
Title Snatak Mahalar Shiksha Prajuktibidya aru Shikshan Pranali /
Statement of responsibility, etc. Mukunda Sarma...(et al).
Medium Textual Documents
250 ## - EDITION STATEMENT
Edition statement 1st ed. /
260 ## - PUBLICATION, DISTRIBUTION, ETC.
Place of publication, distribution, etc. Guwahati :
Name of publisher, distributor, etc. Assam Book Depot ,
Date of publication, distribution, etc. 2004.
300 ## - PHYSICAL DESCRIPTION
Extent xii,420p. ;
Dimensions 22cm.
504 ## - BIBLIOGRAPHY, ETC. NOTE
Bibliography, etc. note Index
653 ## - INDEX TERM--UNCONTROLLED
Uncontrolled term Educational Technology
653 ## - INDEX TERM--UNCONTROLLED
Uncontrolled term Teaching Methods
653 ## - INDEX TERM--UNCONTROLLED
Uncontrolled term G-Education
653 ## - INDEX TERM--UNCONTROLLED
Uncontrolled term Dept.
700 ## - ADDED ENTRY--PERSONAL NAME
Personal name Deka, Birendra .
700 ## - ADDED ENTRY--PERSONAL NAME
Personal name Deka , Kandarpa Kumar .
700 ## - ADDED ENTRY--PERSONAL NAME
Personal name Chakrabarti, Abha Mishra .
942 ## - ADDED ENTRY ELEMENTS (KOHA)
Source of classification or shelving scheme Dewey Decimal Classification
Koha item type Books
Holdings
Withdrawn status Lost status Damaged status Not for loan Collection Home library Current library Date acquired Coded location qualifier Total checkouts Full call number Barcode Date last seen Copy number Price effective from Koha item type
          Dr. Suryya Kumar Bhuyan Library Dr. Suryya Kumar Bhuyan Library 01/02/2012 00000   371.3028 Sa 74 Si 994/Edn 14/01/2024 1 01/02/2012 Books
          Dr. Suryya Kumar Bhuyan Library Dr. Suryya Kumar Bhuyan Library 01/02/2012 00000   371.3028 Sa 74 Si 993/Edn 14/01/2024 2 01/02/2012 Books

Designed and Maintained by Team SKBL
©1901-2026

Powered by Koha